Statistics for Duplicate U.S. Cities

Click here to take the quiz!

General Stats

  • This quiz has been taken 41 times
  • The average score is 8 of 12

Answer Stats

CitiesState 1State 2State 3% Correct
SpringfieldMissouriMassachusettsIllinois
95%
Kansas CityMissouriKansas-
92%
AuroraColoradoIllinois-
90%
ColumbiaSouth CarolinaMissouri-
77%
ColumbusOhioGeorgia-
77%
RichmondVirginiaCalifornia-
74%
RochesterNew YorkMinnesota-
69%
GlendaleArizonaCalifornia-
56%
PasadenaTexasCalifornia-
56%
PeoriaArizonaIllinois-
51%
ConcordCaliforniaNorth Carolina-
28%
LakewoodColoradoNew Jersey-
26%

Score Distribution

Percentile by Number Answered

Percent of People with Each Score

Your Score History

You have not taken this quiz